Old Testament wisdom (Record no. 12563)
[ view plain ]
| 000 -LEADER | |
|---|---|
| fixed length control field | 00536nam a2200229Ia 4500 |
| 003 - CONTROL NUMBER IDENTIFIER | |
| control field | 0100 |
| 008 - FIXED-LENGTH DATA ELEMENTS--GENERAL INFORMATION | |
| fixed length control field | 130303s9999 xx 000 0 und d |
| 020 ## - INTERNATIONAL STANDARD BOOK NUMBER | |
| International Standard Book Number | 664254624 |
| 040 ## - CATALOGING SOURCE | |
| Transcribing agency | ARRUPELIB |
| 050 ## - LIBRARY OF CONGRESS CALL NUMBER | |
| Classification number | BS1455.C651998 |
| 300 ## - PHYSICAL DESCRIPTION | |
| Other physical details | 255p. 23cm. |
| 100 ## - MAIN ENTRY--PERSONAL NAME | |
| Personal name | Crenshaw, James L |
| 245 ## - TITLE STATEMENT | |
| Title | Old Testament wisdom |
| 245 ## - TITLE STATEMENT | |
| Remainder of title | an introduction |
| 250 ## - EDITION STATEMENT | |
| Edition statement | Rev. and enl. |
| 260 ## - PUBLICATION, DISTRIBUTION, ETC. (IMPRINT) | |
| Place of publication, distribution, etc | Louisville |
| 260 ## - PUBLICATION, DISTRIBUTION, ETC. (IMPRINT) | |
| Name of publisher, distributor, etc | Westminster John Knox Press |
| 260 ## - PUBLICATION, DISTRIBUTION, ETC. (IMPRINT) | |
| -- | 1998 |
| 300 ## - PHYSICAL DESCRIPTION | |
| Extent | xv |
| 700 ## - ADDED ENTRY--PERSONAL NAME | |
| Personal name | James L. Crenshaw |
| 942 00 - ADDED ENTRY ELEMENTS (KOHA) | |
| Koha issues (borrowed), all copies | 1 |
| Withdrawn status | Lost status | Source of classification or shelving scheme | Damaged status | Not for loan | Collection code | Home library | Current library | Shelving location | Date acquired | Total Checkouts | Full call number | Barcode | Date last seen | Date checked out | Copy number | Price effective from | Koha item type |
|---|---|---|---|---|---|---|---|---|---|---|---|---|---|---|---|---|---|
| Library of Congress Classification | Main Collection | ARRUPE LIBRARY | ARRUPE LIBRARY | 04/03/2013 | 4 | BS1455.C651998 | 46003019047 | 06/12/2018 | 28/11/2018 | 1 | 04/03/2013 | Monograph ( Printed materials) |